000 00890nam a22002297a 4500
999 _c11775
_d11775
003 AR-CdUCM
008 190405b ||||| |||| 00| 0 spa d
040 _aMUNICIPALIDAD PROVINCIAL DEL CUSCO
_cBIBLIOTECA MUNICIPAL DEL CUSCO
082 _a346.2504 /
_bCH41 / 1933
100 _aChesterton, G. K.
_910004
245 _aLa superstición del divorcio /
260 _aChile :
_bNueva época,
_c1933.
300 _a84 páginas ;
_c19 cm.
440 _aColección hombres e ideas filosofía - política - biografía
_929290
505 _aContenido: La superstición del divorcio -- La historia de la familia -- La historia del voto -- Las tragedias del matrimonio...
650 _aMatrimonio
_916386
650 _aSeparación matrimonial
_929308
650 _aDivorcio
_98382
700 _aToda Valcarcel, Eduardo (traducción)
_929309
942 _2ddc
_cLIBROS
945 _adavv
_d05/04/2019